Princesse Disney par emojis - Statistiques

Statistiques générales
  • Ce quiz a été pris 159 fois
  • Le résultat moyen est 13 sur 17
Statistiques - réponses
Emojis Princesses % Correct
🍎🪞🏰 Blanche-neige
100%
🧜‍♀️🌊🎶 Ariel
95%
🥿🕰️✨ Cendrillon
94%
❄️👑✨ Elsa
93%
🏜️🧞‍♂️🕌 Jasmine
91%
🐉⚔️🌸 Mulan
91%
💤🌸🏰 Aurore
90%
🌹📚🏰 Belle
90%
❄️👭💙 Anna
85%
🌊🧭🌺 Vaiana
83%
🐸🎺👑 Tiana
82%
🌿🍃🪶 Pocahontas
72%
🌺🏝️👽 Lilo
70%
🧑‍🦰🏹🌲 Mérida
65%
🧵🗼🌞 Raiponce
65%
🐉🌙⚔️ Raya
46%
🧿🏠🌈 Mirabel
19%
Aucun quiz correspondant
Distribution des résultats
% des personnes avec chaque résultat
Percentile par nombre de réponses
Votre historique - résultats
Vous n’avez pas pris ce quiz